Geografia regional de Venezuela / (Record no. 87550)

MARC details
000 -LEADER
fixed length control field 00523cam a2200169 4500
008 - FIXED-LENGTH DATA ELEMENTS--GENERAL INFORMATION
fixed length control field s1968 bl a spa
050 00 - LIBRARY OF CONGRESS CALL NUMBER
Classification number GB169
Item number C38 1968
100 1# - MAIN ENTRY--PERSONAL NAME
Personal name Cháves, Luis Fernando
245 10 - TITLE STATEMENT
Title Geografia regional de Venezuela /
Statement of responsibility, etc Luis Fernando Cháves y Leonel Vivas
260 ## - PUBLICATION, DISTRIBUTION, ETC. (IMPRINT)
Place of publication, distribution, etc Brasil :
Name of publisher, distributor, etc Instituto panamericano de geografía,
Date of publication, distribution, etc 1968
300 ## - PHYSICAL DESCRIPTION
Extent 267 p. ;
Dimensions 16 cm.
650 10 - SUBJECT ADDED ENTRY--TOPICAL TERM
Topical term or geographic name as entry element Geografía
General subdivision Venezuela
700 1# - ADDED ENTRY--PERSONAL NAME
Personal name Vivas, Leonel,coaut.
942 ## - ADDED ENTRY ELEMENTS (KOHA)
Source of classification or shelving scheme Biblioteca del Cogreso de los Estados Unidos
Koha item type Libro
Holdings
Estado de pérdida Fuente de clasificación Estado del daño No para préstamo Ubicación permanente Ubicación actual Apartado o colección Fecha de adquisición Edición Área del conocimiento Clasificación Código de Barras Date last seen Número de copia Tipo de recurso
  Biblioteca del Cogreso de los Estados Unidos     Biblioteca de la Unidad de Ciencias Ingeniería y Humanidades Biblioteca de la Unidad de Ciencias Ingeniería y Humanidades General 03/10/2018 1a.ed Educación y Humanidades GB169 C38 1968 BCU000003826 03/10/2018 C:1 Libro